000 00574 a2200193 4500
001 61579
005 20260407155906.0
008 260407a1958 arg spa d
003 AR-UNSa-BCEJYS
040 _aAR-UNSa-BCEJYS
_bspa
_cAR-UNSa-BCEJYS
080 _a347.4
_xObligaciones. Contratos. Acuerdos. Convenios
245 1 0 _aElementos de derecho civil
_pObligaciones
264 1 _aBuenos Aires :
_bBiblioteca Jurídica Argentina
_c1958
300 _a420 p.
_c24 cm.
041 _aspa
942 _cBK
590 _aniveau_biblio:m niveau_hierar:0
100 1 _aFrutos, Pedro
999 _c7336
_d7336